Territories of Britain - Sudden death - Statistics

General Stats
  • This quiz has been taken 88 times
  • The average score is 7 of 10
Answers on the Grid
Answers color-coded by a green-red scale on the quiz's grid according to % correct below.
British Virgin Islands
Svalbard
Greenland
Faroe Islands
Guernsey
Falkland islands
Tristan da Cunha
Tokelau
New Caledonia
Turks and Caicos islands
Gibraltar
Pitcairn islands
Curacao
Jersey
Martinique
Niue
Saint Helena
Bermuda
 
Answer Stats
Answer % Correct
British Virgin Islands
94%
Guernsey
78%
Falkland islands
76%
Gibraltar
76%
Jersey
76%
Bermuda
72%
Saint Helena
65%
Pitcairn islands
60%
Turks and Caicos islands
58%
Tristan da Cunha
51%
No matching quizzes found
Score Distribution
Percent of People with Each Score
Percentile by Number Answered
Your Score History
You have not taken this quiz